00815nam a22002177a 4500999001900000005001700019010001500036020003100051035001400082037001300096082000800109100002000117245007000137260004000207270012700247300002000374500003700394700002400431942002200455952012000477 c167352d16735220220222120021.0 aENG-126347 a978-93-8676-156-9c1995.00 aEN-109879 bDBAD/PUB a535 aChandra, Suresh aA textbook of Optics/cby Suresh Chandra [and] Mohit Kumar Sharma bAne Books Pvt. Ltdc2018aNew Delhi a4821, Parwana Bhawan, 1st Floor, 24 Ansari Road, Darya GanjbNew Delhie110002k23276843-44l23276863mkapoor@anebooks.com a300p.c24cm(hb) aIncludes index and bibliography. aSharma, Kumar Mohit 2ddccENh535mCHA 001040708NFICaAVbAVd2019-08-28eDBAD/PUBg1995.00l0o535 CHApEN-109879r2019-08-28 00:00:00t1v1995.00yEN